| 000 | 01160pam a2200301 a 4500 | ||
|---|---|---|---|
| 001 | 1509791 | ||
| 003 | OSt | ||
| 005 | 20220104135712.0 | ||
| 008 | 890518s1989 njua b 001 0 eng | ||
| 010 | _a 89034824 | ||
| 020 |
_a0805803777 : _c$24.95 |
||
| 020 | _a0805803785 (pbk.) | ||
| 040 |
_aDLC _cHU _dDLC |
||
| 050 | 0 | 0 |
_aHA29 _b.W5134 1989 |
| 082 | 0 | 0 |
_a300/.01/51 _220 |
| 100 | 1 |
_aWickens, Thomas D., _d1942- _99918 |
|
| 245 | 1 | 0 |
_aMultiway contingency tables analysis for the social sciences / _cThomas D. Wickens. |
| 260 |
_aHillsdale, N.J. : _bLawrence Erlbaum Associates, _c1989. |
||
| 300 |
_axi, 426 p. : _bill. ; _c24 cm. |
||
| 504 | _aIncludes bibliographical references (p. 403-414) and indexes. | ||
| 650 | 0 |
_aSocial sciences _xStatistical methods. _93177 |
|
| 650 | 0 |
_aContingency tables. _97625 |
|
| 650 | 0 |
_aMathematical statistics. _93113 |
|
| 856 | 4 | 2 |
_3Publisher description _uhttp://www.loc.gov/catdir/enhancements/fy0742/89034824-d.html |
| 906 |
_a7 _bcbc _corignew _d1 _eocip _f19 _gy-gencatlg |
||
| 942 |
_2ddc _cBOOKS _n0 |
||
| 999 |
_c25989 _d25989 |
||